000 00661nam a2200241Ia 4500
003 OSt
005 20220926011035.0
006 a|||||r|||| 00| 0
007 ta
008 220923b |||||||| |||| 00| 0 eng d
020 _a0130619647
037 _cGeneral Book
040 _aRTL
_cRTL
_beng
041 _2eng
_aeng
082 _aX991:8, P2
100 _aDeresky Helen
_9307889
245 0 _aGlobal management
_b Strategic and interpersonal
260 _aNew Jersey
_bPrentice Hall
_c2002
300 _axxx, 397p
_ccm.
650 _aGlobalization
942 _hX991:8, P2
_cGB
_2CC
999 _c618898
_d618898